| 000 | 00904nam a2200241 a 4500 | ||
|---|---|---|---|
| 005 | 20230519063647.0 | ||
| 008 | 140218s2011 mx r 000 0 spa d | ||
| 020 | _a9788433025173 | ||
| 035 | _aUPN01000195939 | ||
| 049 | _aCG | ||
| 050 | 4 |
_aBF723 A3 _bG6.7 |
|
| 100 | 1 |
_aGonzalo Marrodán, José Luis, _d1967- _935133 |
|
| 245 | 1 | 1 |
_a¿Todo niño viene con un pan bajo el brazo? : _bguía para padres adoptivos con hijos con trastornos del apego / _cJosé Luis Gonzalo Marrodán, Oscar Pérez-Muga ; pról. de Loretta Cornejo. |
| 260 |
_aEspaña : _bDesclée de Brouwer, _cc2011. |
||
| 300 |
_a166 p. : _bil. |
||
| 440 | 0 | _aAMAE | |
| 650 | 4 |
_aADOPCION - _xASPECTOS PSICOLOGICOS _9201 |
|
| 650 | 0 |
_aConducta de apego en los niños _911480 |
|
| 650 | 4 |
_aRESILIENCIA (RASGO DE LA PERSONALIDAD) EN NIÑOS _96449 |
|
| 700 | 1 |
_aPérez-Muga, Oscar, _d1973- , _ecoaut. |
|
| 905 | _aLibro | ||
| 999 |
_c168040 _d168040 |
||